Cesta k ľuďom K nedožitej osemdesiatke K. Biebla

Bibliographic Details
Main Author: Beran, Zdeněk, 1932-2009 (Author)
Format: Article
Language:Slovak
Subjects:

MARC

LEADER 00000nab a2200000 a 4500
001 vtls000315925
003 SK-MaSNL
005 20260302225737.0
008 111201c1978 xo 0 slo
015 |a SNBRB19rr/mm-uuuuu 
035 |a CL0006017 
040 |a SNKBUCL  |b slo  |c SNKBUCL  |e AACR2 
041 0 |a slo 
044 |a xo  |c SK 
080 |a 82:929:885.0  |2 1981 
080 |a 885.0:929  |2 1981 
080 |a 929 Biebl, Konstantin  |2 1981 
100 1 |a Beran, Zdeněk,  |d 1932-2009  |4 aut  |9 132538 
245 1 0 |a Cesta k ľuďom  |b K nedožitej osemdesiatke K. Biebla  |c Zdeněk Beran 
600 1 7 |a Biebl, Konstantin,  |d 1898-1951  |2 snkbucl  |9 187438 
655 7 |a články z novín a časopisov  |2 snkbucl  |9 267496 
655 7 |a články z odboru literárna veda a krásna literatúra  |2 snkbucl  |9 770045 
773 0 |t Pravda  |g Roč. 59, č. 50B (28. 2. 1978), s. 5 
850 |a Slovenská národná knižnica v Martine  |a MTA001 
852 |a SNK  |b KIS3GCP 
958 |a RK 
958 |a LX 
958 |a SK 
992 |a RBX 
999 |c 1530516  |d 1532446